Statistics for Main Characters of American TV Shows

Click here to take the quiz!

General Stats

  • This quiz has been taken 44,131 times
    (43,828 since last reset)
  • The average score is 29 of 54

Answer Stats

ShowCharacter% Correct
The SimpsonsBart
94%
The SimpsonsHomer
93%
The SimpsonsMarge
90%
The SimpsonsLisa
89%
FriendsJoey
86%
FriendsChandler
85%
FriendsRachel
85%
FriendsRoss
85%
FriendsPhoebe
84%
FriendsMonica
83%
The SimpsonsMaggie
81%
Family GuyPeter
77%
Family GuyStewie
76%
The Big Bang TheorySheldon
75%
Family GuyMeg
73%
Family GuyBrian
70%
South ParkKenny
70%
Family GuyLois
69%
The Big Bang TheoryPenny
69%
The Fresh-Prince of Bel-AirWill
68%
How I Met Your MotherBarney
67%
South ParkCartman
63%
The Big Bang TheoryRaj
62%
SeinfeldJerry
61%
Family GuyChris
60%
The Big Bang TheoryLeonard
60%
How I Met Your MotherTed
59%
How I Met Your MotherRobin
55%
The Big Bang TheoryHoward
54%
The Fresh-Prince of Bel-AirCarlton
52%
How I Met Your MotherLily
52%
How I Met Your MotherMarshall
51%
SeinfeldKramer
49%
South ParkKyle
47%
SeinfeldGeorge
45%
South ParkStan
45%
The Fresh-Prince of Bel-AirPhil
43%
SeinfeldElaine
41%
The Fresh-Prince of Bel-AirVivian
26%
The Fresh-Prince of Bel-AirAshley
25%
The Cosby ShowCliff
24%
The Cosby ShowRudy
24%
The Cosby ShowTheo
24%
It's Always Sunny in PhiladelphiaCharlie
23%
The Fresh-Prince of Bel-AirHilary
23%
The Fresh-Prince of Bel-AirGeoffrey
22%
The Cosby ShowClair
21%
It's Always Sunny in PhiladelphiaDee
20%
It's Always Sunny in PhiladelphiaFrank
20%
It's Always Sunny in PhiladelphiaMac
19%
It's Always Sunny in PhiladelphiaDennis
18%
The Cosby ShowVanessa
16%
The Cosby ShowDenise
15%
The Cosby ShowSondra
12%

Score Distribution

Percentile by Number Answered

Percent of People with Each Score

Your Score History

You have not taken this quiz since the last reset